000 00314 a2200145 4500
001 152978
040 _cEscola São Tomás de Aquino
100 _aGRINBERG, Keila
240 1 0 _aJornal do Brasil
_lpor
245 1 0 _aJornal do Brasil
300 _a31
440 1 _aDimensão
697 _aHISTÓRIA
942 _cBK
999 _c152978
_d152978